[Event "FRA-chT U20 GpA 1213"]
[Site "France"]
[Date "2012.12.02"]
[Round "2"]
[White "Maietti, Tom"]
[Black "Guerin, Juliette"]
[Result "1-0"]
[WhiteElo "1541"]
[BlackElo "1591"]
[PlyCount "79"]
[EventDate "2012.12.01"]
[EventType "team"]
[EventRounds "7"]
[EventCountry "FRA"]
[SourceTitle "EXT 2014"]
[Source "ChessBase"]
[SourceDate "2013.11.20"]
[SourceVersion "1"]
[SourceVersionDate "2013.11.20"]
[SourceQuality "1"]
[WhiteTeam "Vandoeuvre U20"]
[BlackTeam "Bischwiller (U20)"]
[WhiteTeamCountry "FRA"]
[BlackTeamCountry "FRA"]

1. e4 e5 2. Nc3 Nc6 3. f4 exf4 4. Nf3 h6 5. h4 Nf6 6. d4 Bb4 7. Bd3 d5 8. 0-0 0-0 9. exd5 Nxd5 10. Ne2 Ne3 11. Bxe3 fxe3 12. c3 Bd6 13. Bc2 Ne7 14. c4 c6 15. Qc1 Bf5 16. Ne1 Bxc2 17. Nxc2 Ng6 18. g3 Nxh4 19. Qxe3 Ng6 20. Rf3 Qd7 21. c5 Bc7 22. Raf1 Qh3 23. Qb3 Qd7 24. Nc3 b5 25. d5 cxd5 26. Nxd5 Ba5 27. Nce3 Ne5 28. Rf5 Nc6 29. Nc2 Rab8 30. g4 g6 31. Nf6+ Kg7 32. Nxd7 gxf5 33. Nxb8 Rxb8 34. Rxf5 Rf8 35. Qxb5 Rc8 36. Qb7 Rc7 37. Qb3 Rd7 38. g5 Rd1+ 39. Kg2 Rd2+ 40. Kh3 1-0

[Event "FRA-ch op-D"]
[Site "Caen"]
[Date "2011.08.25"]
[Round "9"]
[White "Maietti, Tom"]
[Black "Sergant, Jean Paul"]
[Result "0-1"]
[WhiteElo "1410"]
[BlackElo "1470"]
[PlyCount "90"]
[EventDate "2011.08.16"]
[EventType "swiss"]
[EventRounds "9"]
[EventCountry "FRA"]
[SourceTitle "EXT 2012"]
[Source "ChessBase"]
[SourceDate "2011.11.24"]
[SourceVersion "1"]
[SourceVersionDate "2011.11.24"]
[SourceQuality "1"]

1. e4 e5 2. d4 d5 3. dxe5 Be6 4. exd5 Bxd5 5. Nc3 Ne7 6. Nxd5 Nxd5 7. Bc4 c6 8. Nf3 Be7 9. 0-0 Na6 10. Bxd5 cxd5 11. Re1 Rc8 12. Bf4 Nc7 13. c3 Ne6 14. Bg3 h6 15. Qb3 Nc5 16. Qb5+ Rc6 17. Rad1 0-0 18. b4 a6 19. Qe2 Ne4 20. Qb2 Rxc3 21. Rxe4 Qc7 22. Ree1 Qc4 23. Rc1 Bxb4 24. Rxc3 Bxc3 25. Qxb7 Bxe1 26. Nxe1 Qxa2 27. f3 Qc4 28. f4 d4 29. Qe4 Rd8 30. Bf2 a5 31. Nf3 Qc1+ 32. Ne1 d3 33. Bb6 d2 34. Bxa5 Qc5+ 35. Kf1 Qxa5 36. Nf3 d1Q+ 37. Kf2 Re8 38. Kg3 Qa3 39. h3 Qf1 40. Qc6 Re6 41. Qc8+ Kh7 42. Qc2+ Rg6+ 43. Kh4 Qxg2 44. Ng1 Qag3+ 45. Kh5 Qg4+ 0-1